[Event "Doeberl Cup Major 48th"]
[Site "Canberra"]
[Date "2010.04.05"]
[Round "7"]
[White "Simmonds, Leteisha Simone"]
[Black "Bailey, Robert"]
[Result "1-0"]
[WhiteElo "1424"]
[BlackElo "1484"]
[PlyCount "117"]
[EventDate "2010.04.02"]
[EventType "swiss"]
[EventRounds "7"]
[EventCountry "AUS"]
[SourceTitle "EXT 2012"]
[Source "ChessBase"]
[SourceDate "2011.11.24"]
[SourceVersion "1"]
[SourceVersionDate "2011.11.24"]
[SourceQuality "1"]

1. e4 c5 2. Nf3 d6 3. c3 Nc6 4. d4 cxd4 5. cxd4 Nf6 6. Nc3 e6 7. Bc4 Be7 8. a3 a6 9. h3 0-0 10. Be3 b5 11. Ba2 Bb7 12. Qd3 Na5 13. d5 e5 14. b4 Nc4 15. Bxc4 bxc4 16. Qxc4 Rc8 17. Qd3 Qd7 18. 0-0 Ne8 19. Nd2 f5 20. f3 f4 21. Bf2 g5 22. Nb3 h5 23. Na5 Nf6 24. Nxb7 Qxb7 25. Ne2 Bd8 26. Rfc1 Bb6 27. Rxc8 Rxc8 28. Rc1 Rxc1+ 29. Nxc1 g4 30. Ne2 g3 31. Bxb6 Qxb6+ 32. Kh1 Qf2 33. Ng1 Qb6 34. Qc4 Kg7 35. Qc6 Qxc6 36. dxc6 Ne8 37. Ne2 Nc7 38. Nc3 Kf7 39. Nd5 Nxd5 40. exd5 Ke7 41. a4 Kd8 42. b5 axb5 43. axb5 Kc7 44. Kg1 Kb6 45. h4 Kc7 46. Kf1 Kb6 47. Ke2 Kc7 48. Kd3 Kb6 49. Ke4 Kc7 50. Kf5 Kb6 51. Ke6 e4 52. Kd7 exf3 53. c7 fxg2 54. c8Q g1Q 55. Qa6+ Kc5 56. Qa7+ Kxd5 57. Qxg1 Ke5 58. Qg2 d5 59. b6 1-0

[Event "Doeberl Cup Major 48th"]
[Site "Canberra"]
[Date "2010.04.04"]
[Round "6"]
[White "Bailey, Robert"]
[Black "Kingsley, Ross"]
[Result "0-1"]
[WhiteElo "1484"]
[BlackElo "1486"]
[PlyCount "94"]
[EventDate "2010.04.02"]
[EventType "swiss"]
[EventRounds "7"]
[EventCountry "AUS"]
[SourceTitle "EXT 2012"]
[Source "ChessBase"]
[SourceDate "2011.11.24"]
[SourceVersion "1"]
[SourceVersionDate "2011.11.24"]
[SourceQuality "1"]

1. d4 Nf6 2. c4 e6 3. Nc3 Bb4 4. e3 b6 5. Bd2 Bb7 6. Nf3 0-0 7. Bd3 d6 8. 0-0 Nbd7 9. Qc2 c5 10. Rfe1 Qc7 11. e4 cxd4 12. Nxd4 a6 13. Rac1 Ne5 14. b3 Bc5 15. Nf3 Nfg4 16. Nd1 Nxf3+ 17. gxf3 Ne5 18. Be2 Qe7 19. Bc3 Qg5+ 20. Kh1 d5 21. Rg1 Qf6 22. Qb2 Bd6 23. Qd2 Qh4 24. Qg5 Qxg5 25. Rxg5 f6 26. Bxe5 Bxe5 27. Rg4 dxe4 28. fxe4 f5 29. Rh4 Bxe4+ 30. Kg1 Bd4 31. Nc3 Bxc3 32. Rxc3 Rad8 33. f3 Bb1 34. a3 Rd2 35. Re3 Re8 36. Kf1 h6 37. b4 Ba2 38. Rd3 Rd8 39. Rxd8+ Rxd8 40. Ke1 Kf7 41. f4 Rd4 42. c5 bxc5 43. bxc5 Bc4 44. Rh3 Re4 45. Rc3 Rxe2+ 46. Kd1 Re4 47. c6 Ke7 0-1

[Event "Doeberl Cup Major 48th"]
[Site "Canberra"]
[Date "2010.04.02"]
[Round "1"]
[White "Setiabudi, Allen"]
[Black "Bailey, Robert"]
[Result "1-0"]
[WhiteElo "1727"]
[BlackElo "1484"]
[PlyCount "65"]
[EventDate "2010.04.02"]
[EventType "swiss"]
[EventRounds "7"]
[EventCountry "AUS"]
[SourceTitle "EXT 2012"]
[Source "ChessBase"]
[SourceDate "2011.11.24"]
[SourceVersion "1"]
[SourceVersionDate "2011.11.24"]
[SourceQuality "1"]

1. e4 c5 2. Nc3 d6 3. f4 Nc6 4. Nf3 e6 5. Bb5 Bd7 6. 0-0 Nf6 7. d3 Be7 8. Qe1 a6 9. Bxc6 Bxc6 10. f5 e5 11. Bg5 Qc7 12. Bxf6 gxf6 13. Nd5 Bxd5 14. exd5 0-0-0 15. Nd2 Rdg8 16. a4 h5 17. Nc4 Bd8 18. a5 Qd7 19. b4 Bc7 20. Rb1 Qb5 21. Rf2 Rg5 22. bxc5 Qxc5 23. Qb4 Qxd5 24. Ne3 Qc6 25. c4 Rhg8 26. Nd5 Bd8 27. Rb3 Rg4 28. Rfb2 Qxd5 29. cxd5 Rxb4 30. Rxb4 Bxa5 31. Rxb7 Bc7 32. Ra7 Rd8 33. Rc2 1-0

[Event "Doeberl Cup Major 48th"]
[Site "Canberra"]
[Date "2010.04.02"]
[Round "2"]
[White "Vujasin, Nikola"]
[Black "Bailey, Robert"]
[Result "1-0"]
[WhiteElo "1680"]
[BlackElo "1484"]
[PlyCount "97"]
[EventDate "2010.04.02"]
[EventType "swiss"]
[EventRounds "7"]
[EventCountry "AUS"]
[SourceTitle "EXT 2012"]
[Source "ChessBase"]
[SourceDate "2011.11.24"]
[SourceVersion "1"]
[SourceVersionDate "2011.11.24"]
[SourceQuality "1"]

1. d4 f5 2. c4 Nf6 3. Nc3 g6 4. g3 Bg7 5. Bg2 d6 6. Nf3 0-0 7. 0-0 Qe8 8. Qb3 Kh8 9. Ng5 c6 10. d5 Na6 11. Re1 h6 12. Nf3 Nc5 13. Qc2 Nce4 14. Nxe4 Nxe4 15. Nd2 cxd5 16. cxd5 Nxd2 17. Bxd2 e5 18. dxe6 Qxe6 19. e4 fxe4 20. Bxe4 Qf7 21. Bb4 Bf5 22. Bxf5 gxf5 23. Bxd6 Rfe8 24. Rxe8+ Rxe8 25. Ba3 f4 26. Bb4 f3 27. Bc3 Bxc3 28. Qxc3+ Kg8 29. a3 Qd5 30. Re1 Re2 31. h4 Qf5 32. Rxe2 fxe2 33. Qc4+ Qf7 34. Qxe2 a6 35. Qg4+ Kh7 36. Qe4+ Kg7 37. Kg2 Qb3 38. Qe5+ Kf7 39. Qc7+ Kg6 40. Qc3 Qd5+ 41. f3 Qb5 42. Qc2+ Kf6 43. g4 Kg7 44. h5 Qb6 45. Qf2 Qc6 46. Kg3 Qd6+ 47. f4 Qd3+ 48. Qf3 Qd6 49. Qxb7+ 1-0